000 004940000a22001690004500
041 0 _aSPA
082 0 4 _aG 282.2 H649r
100 1 _aHillaire, P. A.
245 1 0 _aLa religión demostrada : Los fundamentos de la Fe católica ante la razón y la ciencia / P. A. Hillaire
260 _aBuenos Aires, Argentina : Difusión
300 _a695 Pag
001 8723
942 _cBK
999 _c38845
_d38845
336 _atexto
_btxt
_2rdacontent
337 _2rdamedia
_asin mediación
_bn
338 _2rdacarrier
_avolumen
_bnc